Theory of complex functions
Αποθηκεύτηκε σε:
| Κύριος συγγραφέας: | |
|---|---|
| Μορφή: | Βιβλίο |
| Γλώσσα: | English |
| Δημοσίευση: |
New York :
Springer-Verlag,
c1991
|
| Σειρά: | Graduate texts in mathematics ;
; 122 |
| Θέματα: | |
| Ετικέτες: |
Προσθήκη ετικέτας
Δεν υπάρχουν, Καταχωρήστε ετικέτα πρώτοι!
|
MARC
| LEADER | 00000cam a2200000 i 4500 | ||
|---|---|---|---|
| 001 | 1/32151 | ||
| 008 | 941103s1991 eng d | ||
| 020 | |a 0387971955 | ||
| 035 | |l 10039023 | ||
| 035 | |a 1991 |c ΔΑΡΑΣ | ||
| 040 | |a GR-MY-UA |b gre |e aacr | ||
| 041 | 0 | |a eng | |
| 082 | 0 | |a 515.9 | |
| 100 | 1 | |a Remmert, Reinhold. | |
| 245 | 1 | 0 | |a Theory of complex functions / |c Reinhold Remmert ; translated by Robert B. Burckel |
| 260 | |a New York : |b Springer-Verlag, |c c1991 | ||
| 300 | |a xix, 453 p.; |b ill.; |c 25 cm. | ||
| 490 | 1 | |a Graduate texts in mathematics |v ; 122 | |
| 500 | |a Translation of: Funktionentheorie I. 2nd ed | ||
| 500 | |a Includes bibliographical references (p. 423-434) and indexes | ||
| 650 | 0 | 0 | |a Functions of complex variables. |
| 830 | 0 | |a Graduate texts in mathematics ; |v ; 122 | |
| 852 | |a INST |b SAMOS |e 19941103 |h 515.9 REM |p 005300001271 |q 005300001271 |t BK |y 0 | ||
| 909 | |a Σ |b 021011 | ||